Landlocked Countries with Exactly 4 Borders - Statistics

General Stats
  • This quiz has been taken 10 times
  • The average score is 8 of 9
Answer Stats
Answer % Correct
Armenia
100%
Botswana
88%
Kosovo
88%
Kyrgyzstan
88%
Rwanda
88%
Tajikistan
88%
Turkmenistan
88%
Zimbabwe
88%
Czech Republic
75%
No matching quizzes found
Score Distribution
Percent of People with Each Score
Percentile by Number Answered
Your Score History
You have not taken this quiz